• 首页
  • 本馆介绍
  • 公告通知
  • 最新文献
  • 馆藏检索
  • 电子资源
  • 读者导购
  • 参考咨询
  • 我的图书馆
  • 登录
  • 详细信息显示
  • 放入我的书架
  • 预约/预借图书
  • 作者相关作品
  • 分类相关作品
  • 丛书相关作品
  • 出版社相关作品

书目信息

  • 表格格式
  • 工作单格式
  • 卡片格式
题名:
卫星与雷达图象在天气预报中的应用
    
 
作者: M.J.巴德...[等] 编 ;卢乃锰...[等] 译
分册:  
出版信息: 北京   科学出版社  1998.10
页数: 392页
开本: 16开
丛书名:
单 册:
中图分类: P455
科图分类:
主题词: 天气预报
电子资源:
ISBN: 7-03-007004-6
000 00698nam0 2200205 45
001 0103260891
005 20031219104049.2
010    @a7-03-007004-6@dCNY100.00
100    @a20010326d1998 km y0chiy0120 ea
101 0  @achi
105    @a z 000yy
200 1  @a卫星与雷达图象在天气预报中的应用@AWei Xing Yu Lei Da Tu Xiang Zai Tian Qi Yu Bao Zhong De Ying Yong@f(英)M.J.巴德...[等]编@F(Ying)M.J.Ba De...[Deng]Bian@g卢乃锰...[等]译
210    @a北京@c科学出版社@d1998.10
215    @a392页@c图@d16开
606 0  @a天气预报
690    @aP455@v1
701  0 @aM.J.巴德...[等]@4编
702  0 @a卢乃锰...[等]@ALu Nai Meng...[Deng]@4译
801    @aCN@bTSTC@c20010326
905    @b295956-960@dP455@e42@f5
    
    卫星与雷达图象在天气预报中的应用/(英)M.J.巴德...[等]编/卢乃锰...[等]译.-北京:科学出版社,1998.10
    392页:图;16开
    
    
    ISBN 7-03-007004-6:CNY100.00
    
●
相关链接 在E读中查询图书 在五车中查询图书 在当当中查询图书 在豆瓣中查询图书


正题名:卫星与雷达图象在天气预报中的应用     索取号:P455/42         预约/预借

序号 登录号 条形码 馆藏地/架位号 状态 备注
1 0295956   002959560   第三借阅区/ [索取号:P455/42] 在馆    
2 0295957   002959579   第三借阅区/ [索取号:P455/42] 在馆    
3 0295958   002959588   第二样本阅览室/ [索取号:P455/42] 在馆    
4 0295959   002959597   第三借阅区/ [索取号:P455/42] 在馆    
5 0295960   002959604   第三借阅区/ [索取号:P455/42] 在馆    
唐山师范学院图书馆 欢迎您!
大连网信软件有限公司© 版权所有